Top 15 NBA rebounders of 2012 - Statistics

General Stats
  • This quiz has been taken 4,137 times
    4,135 since last reset
  • The average score is 6 of 15
Answer Stats
Hint Answer % Correct
14.5 Dwight Howard
90%
10.4 Pau Gasol
69%
9.0 Tim Duncan
62%
13.3 Kevin Love
56%
9.9 Tyson Chandler
53%
10.9 Blake Griffin
52%
9.8 Joakim Noah
50%
11.8 Andrew Bynum
44%
11.0 DeMarcus Cousins
37%
9.6 Al Jefferson
26%
9.6 David Lee
24%
10.0 Marcin Gortat
24%
9.6 Josh Smith
23%
9.7 Greg Monroe
18%
11.0 Kris Humphries
10%
No matching quizzes found
Score Distribution
Percent of People with Each Score
Percentile by Number Answered
Your Score History
You have not taken this quiz since the last reset